[Event "CZE-chT2d 0405"]
[Site "Czech Republic"]
[Date "2005.??.??"]
[Round "11"]
[White "Tomasek, Milan"]
[Black "Hladik, Josef"]
[Result "1/2-1/2"]
[WhiteElo "2245"]
[BlackElo "2215"]
[PlyCount "48"]
[EventDate "2004.10.??"]
[EventType "team"]
[EventRounds "11"]
[EventCountry "CZE"]
[SourceTitle "EXT 2007"]
[Source "ChessBase"]
[SourceDate "2006.11.23"]
[SourceVersion "1"]
[SourceVersionDate "2006.11.23"]
[SourceQuality "1"]

1. e4 e5 2. Nf3 Nc6 3. d4 exd4 4. Nxd4 Qf6 5. Nxc6 Bc5 6. Qe2 bxc6 7. Nc3 a5 8. Be3 Ba6 9. Qd2 Bxe3 10. Qxe3 Bxf1 11. Rxf1 Ne7 12. 0-0-0 Qe6 13. Qd4 f6 14. f4 d6 15. e5 dxe5 16. fxe5 f5 17. Rfe1 Ng6 18. Qc5 Kf7 19. g4 f4 20. Ne2 Rhe8 21. a3 Kg8 22. Kb1 Qxg4 23. Nd4 Nxe5 24. Nxc6 Nxc6 1/2-1/2

[Event "CZE-chT2d 0304"]
[Site "Czech Republic"]
[Date "2004.??.??"]
[Round "?"]
[White "Mlynek, Petr"]
[Black "Tomasek, Milan"]
[Result "1/2-1/2"]
[WhiteElo "2185"]
[BlackElo "2255"]
[PlyCount "36"]
[EventDate "2003.??.??"]
[EventType "team"]
[EventRounds "11"]
[EventCountry "CZE"]
[SourceTitle "EXT 2007"]
[Source "ChessBase"]
[SourceDate "2006.11.23"]
[SourceVersion "1"]
[SourceVersionDate "2006.11.23"]
[SourceQuality "1"]

1. d4 d6 2. Nf3 Bg4 3. c4 Nd7 4. e4 e5 5. Be3 Ngf6 6. Nc3 Be7 7. Be2 0-0 8. 0-0 Re8 9. Qc2 c6 10. Rfd1 Qc7 11. Rd2 a6 12. a4 Rad8 13. Rad1 h6 14. b4 Nh7 15. Qb3 Bxf3 16. Bxf3 Bg5 17. c5 exd4 18. cxd6 Qxd6 1/2-1/2

[Event "CZE-chT2d 0304"]
[Site "Czech Republic"]
[Date "2004.??.??"]
[Round "?"]
[White "Nepomucky, Ondrej"]
[Black "Tomasek, Milan"]
[Result "1/2-1/2"]
[WhiteElo "2140"]
[BlackElo "2255"]
[PlyCount "68"]
[EventDate "2003.??.??"]
[EventType "team"]
[EventRounds "11"]
[EventCountry "CZE"]
[SourceTitle "EXT 2007"]
[Source "ChessBase"]
[SourceDate "2006.11.23"]
[SourceVersion "1"]
[SourceVersionDate "2006.11.23"]
[SourceQuality "1"]

1. e4 e5 2. Nf3 Nc6 3. Nc3 d6 4. d4 exd4 5. Nxd4 g6 6. h4 Bg7 7. Bg5 Nf6 8. Qd2 h6 9. Bf4 Nxd4 10. Qxd4 Nh5 11. Qd2 Nxf4 12. Qxf4 0-0 13. Bc4 Be6 14. Bxe6 fxe6 15. Qd2 Qf6 16. g3 Qf3 17. 0-0 Rf7 18. Qd3 Raf8 19. Qxf3 Rxf3 20. Ne2 g5 21. hxg5 hxg5 22. Kg2 g4 23. c3 e5 24. Ng1 Rd3 25. Rad1 Rxd1 26. Rxd1 Kf7 27. f4 gxf3+ 28. Nxf3 Rh8 29. Rf1 Bf6 30. g4 Kg6 31. c4 a6 32. Rh1 Rb8 33. b3 b5 34. Rc1 c5 1/2-1/2

[Event "CZE-chT2d 0405"]
[Site "Czech Republic"]
[Date "2004.??.??"]
[Round "2"]
[White "Tomasek, Milan"]
[Black "Adam, Petr"]
[Result "1-0"]
[WhiteElo "2245"]
[BlackElo "2125"]
[PlyCount "121"]
[EventDate "2004.10.??"]
[EventType "team"]
[EventRounds "11"]
[EventCountry "CZE"]
[SourceTitle "EXT 2007"]
[Source "ChessBase"]
[SourceDate "2006.11.23"]
[SourceVersion "1"]
[SourceVersionDate "2006.11.23"]
[SourceQuality "1"]

1. e4 g6 2. d4 Bg7 3. c3 d6 4. Bd3 Nc6 5. Ne2 e5 6. Be3 Nf6 7. d5 Nb8 8. f3 Nbd7 9. c4 Nh5 10. Nbc3 Bf6 11. Qd2 Nc5 12. Bc2 a5 13. 0-0 0-0 14. a3 a4 15. g4 Ng7 16. Ng3 Bd7 17. Kh1 Bh4 18. Rg1 f6 19. Qd1 Bg5 20. Bxc5 dxc5 21. Bxa4 Bxa4 22. Nxa4 Be3 23. Rg2 Bd4 24. Qc2 Ne8 25. Nc3 Nd6 26. Nb5 Nxb5 27. cxb5 Qd7 28. Qc4 Ra5 29. a4 Rfa8 30. d6+ Kh8 31. dxc7 Qxc7 32. Ra2 Qd7 33. Rd2 b6 34. b3 Qg7 35. Qe6 Rb8 36. Ne2 Ra7 37. Qd6 Qf8 38. Qxf8+ Rxf8 39. Kg2 Kg7 40. Rac2 f5 41. gxf5 gxf5 42. Ng3 fxe4 43. fxe4 Kf6 44. Rd3 Ke6 45. Rf3 Rg8 46. Rc1 h5 47. Rcf1 Rg6 48. Kh3 h4 49. Kxh4 c4 50. bxc4 Rxa4 51. Kh5 Rg8 52. Rf6+ Ke7 53. Rc6 Ra2 54. Nf5+ Kd7 55. h4 Rag2 56. Nh6 R8g7 57. Rff6 Bc5 58. Rf5 Be7 59. Rxe5 Bxh4 60. Rd5+ Ke8 61. Rc8+ 1-0

[Event "CZE-chT2d 0304"]
[Site "Czech Republic"]
[Date "2004.??.??"]
[Round "?"]
[White "Tomasek, Milan"]
[Black "Augustin, Josef"]
[Result "1/2-1/2"]
[WhiteElo "2255"]
[BlackElo "2350"]
[PlyCount "20"]
[EventDate "2003.??.??"]
[EventType "team"]
[EventRounds "11"]
[EventCountry "CZE"]
[SourceTitle "EXT 2007"]
[Source "ChessBase"]
[SourceDate "2006.11.23"]
[SourceVersion "1"]
[SourceVersionDate "2006.11.23"]
[SourceQuality "1"]

1. e4 c6 2. d4 d5 3. e5 Bf5 4. Nf3 e6 5. Be2 c5 6. c3 Nd7 7. 0-0 h6 8. Be3 Ne7 9. Nbd2 Nc6 10. dxc5 Bxc5 1/2-1/2

[Event "CZE-chT2d 0304"]
[Site "Czech Republic"]
[Date "2004.??.??"]
[Round "?"]
[White "Tomasek, Milan"]
[Black "Kopriva, Oldrich"]
[Result "1/2-1/2"]
[WhiteElo "2255"]
[BlackElo "2220"]
[PlyCount "46"]
[EventDate "2003.??.??"]
[EventType "team"]
[EventRounds "11"]
[EventCountry "CZE"]
[SourceTitle "EXT 2007"]
[Source "ChessBase"]
[SourceDate "2006.11.23"]
[SourceVersion "1"]
[SourceVersionDate "2006.11.23"]
[SourceQuality "1"]

1. e4 c5 2. Nf3 Nc6 3. Bb5 g6 4. 0-0 Bg7 5. c3 Nf6 6. Re1 0-0 7. d4 cxd4 8. cxd4 d5 9. e5 Ne4 10. Nc3 Nxc3 11. bxc3 Qa5 12. Qa4 Qxa4 13. Bxa4 Bd7 14. Ba3 Rfe8 15. Bxc6 Bxc6 16. e6 h6 17. Re3 fxe6 18. Rxe6 Kf7 19. Rae1 Bf6 20. h3 Bd7 21. R6e3 Rac8 22. Bb4 Rc6 23. a4 Re6 1/2-1/2

[Event "MOR-chT2S 0203"]
[Site "Moravia"]
[Date "2002.10.13"]
[Round "1"]
[White "Tomasek, Milan"]
[Black "Urbanec, Ladislav"]
[Result "0-1"]
[WhiteElo "2274"]
[BlackElo "2244"]
[PlyCount "72"]
[EventDate "2002.10.??"]
[EventType "team"]
[EventRounds "11"]
[EventCountry "CZE"]
[SourceTitle "EXT 2006"]
[Source "ChessBase"]
[SourceDate "2005.11.24"]
[SourceVersion "1"]
[SourceVersionDate "2005.11.24"]
[SourceQuality "1"]

1. e4 e5 2. Nf3 Nc6 3. d4 exd4 4. Nxd4 Bc5 5. Nxc6 Qf6 6. Qe2 bxc6 7. Nc3 Rb8 8. g3 Ba6 9. e5 Qf5 10. g4 Bxe2 11. gxf5 Bg4 12. Bd3 Bd4 13. Bf4 Rxb2 14. Kd2 Ne7 15. f6 gxf6 16. exf6 Bxf6 17. Ne4 Bd4 18. Bxc7 d5 19. Nc3 Kd7 20. Bg3 h5 21. Rab1 Rxb1 22. Rxb1 h4 23. Bb8 Nc8 24. f4 Nd6 25. Ne2 Bb6 26. Bxd6 Kxd6 27. c3 Rg8 28. Nd4 Bh3 29. Re1 Rg2+ 30. Re2 Bxd4 31. cxd4 c5 32. Rxg2 Bxg2 33. Ke3 c4 34. Bc2 Be4 35. Bxe4 dxe4 36. Kxe4 f5+ 0-1